| Tag |
First Indicator |
Second Indicator |
Subfields |
| LEADER |
00000cam a2200000 4500 |
| 001 |
in00001486539 |
| 005 |
20151021070057.0 |
| 008 |
751106s1930 paucf 000 0aeng |
| 010 |
|
|
|a 30033127
|
| 035 |
|
|
|a (OCoLC)01812614
|
| 035 |
|
|
|9 AJG9518AM
|
| 040 |
|
|
|a DLC
|c JPL
|d SER
|d TXA
|d UtOrBLW
|
| 049 |
|
|
|a TXAM
|
| 050 |
0 |
0 |
|a E182
|b .L53
|
| 082 |
0 |
0 |
|a 923.573
|
| 090 |
|
|
|a E745.L38
|b A37 1930
|
| 100 |
1 |
|
|a Lejeune, John Archer,
|d 1867-1942.
|
| 245 |
1 |
4 |
|a The reminiscences of a Marine /
|c by Major General John A. Lejeune ...
|
| 264 |
|
1 |
|a Philadelphia :
|b Dorrance and Company,
|c [1930]
|
| 264 |
|
4 |
|c [©1930]
|
| 300 |
|
|
|a 488 pages :
|b frontispiece, plates, portraits ;
|c 22 cm.
|
| 336 |
|
|
|a text
|b txt
|2 rdacontent
|
| 337 |
|
|
|a unmediated
|b n
|2 rdamedia
|
| 338 |
|
|
|a volume
|b nc
|2 rdacarrier
|
| 610 |
1 |
0 |
|a United States.
|b Marine Corps
|x History.
|
| 651 |
|
0 |
|a United States
|x History, Naval.
|
| 651 |
|
0 |
|a United States
|x History, Military.
|
| 948 |
|
|
|a c:MH
|
| 999 |
|
|
|a MARS
|
| 999 |
f |
f |
|s ccb5f59d-30c3-3c83-990c-b266e89dfe78
|i 24def503-6324-3e1d-89ff-5cab41f85077
|t 0
|
| 952 |
f |
f |
|p noncirc
|a Texas A&M University
|b College Station
|c Cushing Memorial Library & Archives
|d Cushing: Ragan Military (Does not check out)
|t 0
|e E745.L38 A37 1930
|h Library of Congress classification
|i unmediated -- volume
|
| 998 |
f |
f |
|a E745.L38 A37 1930
|t 0
|l Cushing: Ragan Military (Does not check out)
|